| 000 | 00806cam a2200241u 4500 | ||
|---|---|---|---|
| 999 |
_c20401 _d20401 |
||
| 001 | 9360243 | ||
| 003 | BDDh-ASL | ||
| 005 | 20231015025902.0 | ||
| 008 | 830630s1960 enkac 000 0beng | ||
| 010 | _a 59065130 | ||
| 040 |
_aDLC _cCarP _dDLC _dBDDh-ASL |
||
| 050 | 0 | 0 |
_aBP20 _b.K7 1959 |
| 082 |
_a297.09 _bKRW |
||
| 100 | 1 |
_aKritzeck, James, [from old catalog] _eed. |
|
| 245 | 1 | 4 |
_aThe world of Islam/ _bstudies in honour of Philip K. Hitti. |
| 260 |
_aLondon: _bMacmillan; _aNew York, _bSt. Martin's Press, _c1960. |
||
| 300 |
_aviii, 372 p. _billus., port. _c23 cm. |
||
| 600 | 1 | 0 |
_aHitti, Philip K. _q(Philip Khuri), _d1886-1978. |
| 650 | 0 | _aIslam. | |
| 700 | 1 |
_aWinder, R. Bayly _q(Richard Bayly), _d1920-1988, _ejoint ed. |
|
| 906 |
_a0 _bcbc _cpremunv _du _encip _f19 _gy-gencatlg |
||
| 942 |
_2ddc _cBK |
||